00227 a2200097 450000100060000008200190000610000200002524500380004526000330008330000130011692599 a620.112232/SOK aI.S.Sokolnikoff aMathematical Theory of Elasticity aNew yorkbMc Graw Hillc1946 axi,373p.